Complete the Book Title (Animal) - Statistics

General Stats
  • This quiz has been taken 91 times
    40 since last reset
  • The average score is 10 of 15
Answer Stats
Novel % Correct
The {Cat} In The Hat
100%
The One Hundred and One {Dalmatians}
92%
The Tale of Peter {Rabbit}
89%
Fantastic Mister {Fox}
86%
The {Lion}, the Witch and the Wardrobe
81%
The {Horse} Whisperer
75%
The Velveteen {Rabbit}
72%
The Very Hungry {Caterpillar}
72%
The Curious Incident of the {Dog} in the Night-Time
58%
War {Horse}
56%
The {Mouse} That Roared
44%
The {Tiger} Who Came to Tea
39%
Jonathan Livingston {Seagull}
36%
{Wolf} Hall
36%
Tarka the {Otter}
31%
No matching quizzes found
Score Distribution
Percent of People with Each Score
Percentile by Number Answered
Your Score History
You have not taken this quiz since the last reset